Statistics for Most Guessed Coldest Countries

Click here to take the quiz!

General Stats

  • This quiz has been taken 73 times
  • The average score is 9 of 10

Answer Stats

%Country% Correct
98%Canada
98%
97%Norway
98%
99%Russia
98%
95%Finland
97%
96%Sweden
95%
93%Iceland
89%
80%Estonia
80%
80%Latvia
79%
78%Lithuania
77%
81%Mongolia
62%

Score Distribution

Percentile by Number Answered

Percent of People with Each Score

Your Score History

You have not taken this quiz